000 00188nam a2200073Ia 4500
008 170817s9999 xx 000 0 und d
100 _aSingh.Yogesh.Kumar
245 0 _aTeaching Of General Science
260 _bA. P. H. PUB.
999 _c38770
_d38770